Zaklęcia z Harrego Pottera - Statystyki

Ogólne statystyki
  • Ten quiz został rozwiązany 3 186 razy
  • Średni wynik to 10 z 22
Statystyki odpowiedzi
Opis Zaklęcie % Poprawnych
Podświetla końcówkę różdżki, emitując światło L Lumos
89%
Zabija AK Avada Kedavra
85%
Przywołuje postać srebrzystego zwierzęcia, który chroni przed dementorami EP Expecto Patronum
83%
Otwiera zablokowane drzwi A Alohomora
80%
Służy do torturowania danej osoby C Crucio
76%
Sprawia, że dany przedmiot lewituje WL Wingardium Leviosa
73%
Przywołuje obiekt A Accio
67%
Wytrąca przedmiot z ręki danej osoby E Expelliarmus
65%
Naprawia uszkodzone rzeczy R Reparo
63%
Gasi światło wywołane powyższym zaklęciem N Nox
53%
Powoduje oszołomienie D Drętwota
46%
Czyści pamięć O Obliviate
44%
Zamraża daną osobę, przez co ta nie może się poruszać, ani mówić PT Petrificus Totalus
43%
Powoduje uniesienie danej osoby w górę za kostki L Levicorpus
41%
Wytwarza strumień wody, wydobywający się z różdżki A Aguamenti
36%
Odbiera danej osobie zdolność mówienia S Silencio
26%
Można nim zmylić lub wprowadzić kogoś w błąd C Confundus
22%
Pozwala ujawnić ostatnio rzucone za pomocą innej różdżki zaklęcia PI Priori Incantatem
13%
Służy do przecinania przedmiotów D Diffindo
12%
Powiększa dany obiekt E Engorgio
12%
Zaklęcie sprzątające C Chłoszczyść
10%
Zamienia przedmioty w świstokliki P Portus
7%
Nie znaleziono quizów pasujących do podanych kryteriów
Rozkład punktacji
Procent ludzi z każdym wynikiem
Percentyl według liczby udzielonych odpowiedzi
Twoja historia wyników
Nie rozwiązałeś tego quizu